| 000 | 00849nam a22002532 4500 | ||
|---|---|---|---|
| 001 | 0000018634 | ||
| 005 | 20151217152131.0 | ||
| 008 | 100224s xx 000 0 eng d | ||
| 020 | _a0875847474 : | ||
| 040 |
_aKABU _cKABU |
||
| 100 | 1 |
_aKotter, John P., _d1947-. _@0000116117 |
|
| 245 | 1 | 0 |
_aLeading change / _cJohn P. Kotter. |
| 250 | _a1st ed. | ||
| 260 |
_aBoston : _bHavard Business School Press, _c1996. |
||
| 300 | _aix, 187 p. | ||
| 650 | 0 |
_aOrganizational change. _@0000150813 |
|
| 650 | 0 |
_aLeadership. _@0000150687 |
|
| 852 | 1 | _9p2290 KES | |
| 852 | 1 | _9p2290 KES | |
| 852 | 1 | _9p2290 KES | |
| 852 | 1 | _9p2290 KES | |
| 908 | _a100224 | ||
| 950 | _@1 | ||
| 999 |
_c8603 _d8603 |
||